[Event "AUTO-MASTER-3289"]
[Site "http://www.queenalice.com/game.php?id=1866186"]
[Date "2025.11.26"]
[Round "1"]
[White "cerenzo72"]
[Black "Guilherme_Ottoni"]
[Result "1/2-1/2"]
[WhiteElo "2156"]
[BlackElo "2226"]

1. c4 Nf6 2. d4 g6 3. g3 d5 4. Bg2 Bg7 5. cxd5 Nxd5 6. Nc3 Nxc3 7. bxc3 c5 8. e3
O-O 9. Ne2 Nd7 10. O-O Rb8 11. a4 b6 12. d5 Ba6 13. Re1 Bxe2 14. Qxe2 Bxc3 15.
Bb2 Bxe1 16. Rxe1 f6 17. e4 Kg7 18. f4 Qc7 19. e5 Rbd8 20. exf6+ Nxf6 21. Qxe7+
Qxe7 22. Rxe7+ Rf7 23. Re6 Rdf8 24. d6 Kg8 25. Re7 Rd8 26. Be5 Kf8 27. Re6 Nd7
28. Bd5 Re8 29. Rxe8+ Kxe8 30. Bxf7+ Kxf7 31. Kf2 Ke6 32. Ke3 a6 33. Ke4 c4 34.
Kd4 Nc5 35. Kxc4 Nxa4 36. g4 Nc5 37. h4 Ne4 38. Bd4 Nxd6+ 39. Kb4 Nc8 40. Be5
Ne7 41. Kc4 Nd5 42. Kd4 b5 43. f5+ gxf5 44. gxf5+ Kxf5 45. Kxd5 Kg4 46. Bf6 b4
47. Kc4 a5 48. Kb3 h6 1/2-1/2

[Event "AUTO-MASTER-3289"]
[Site "http://www.queenalice.com/game.php?id=1866206"]
[Date "2025.11.26"]
[Round "1"]
[White "Guilherme_Ottoni"]
[Black "Fredo"]
[Result "1-0"]
[WhiteElo "2242"]
[BlackElo "2127"]

1. e4 c5 2. Nf3 d6 3. Bb5+ Bd7 4. Bxd7+ Nxd7 5. O-O e5 6. Qe2 Ngf6 7. c3 Be7 8.
d4 O-O 9. Rd1 Qc7 10. d5 Rfe8 11. c4 Nf8 12. Nc3 a6 13. a4 Ng6 14. h3 Bf8 15.
Be3 Nh5 16. Qd2 Nhf4 17. Bxf4 Nxf4 18. Ne2 Nxe2+ 19. Qxe2 Qd7 20. b3 f5 21. Nd2
b5 22. f3 f4 23. Kh2 Be7 24. axb5 axb5 25. Nf1 bxc4 26. bxc4 Qb7 27. Rdb1 Qc7
28. Qc2 g5 29. Ra4 h5 30. Rba1 Qb7 31. Qa2 Rxa4 32. Qxa4 Kf7 33. Nd2 g4 34. Nb1
gxf3 35. Qb5 Qc8 36. gxf3 Rg8 37. Qc6 Qf8 38. Qd7 Qh6 39. Qf5+ Kg7 40. Ra7 Re8
41. Nc3 Qg6 42. Qxg6+ Kxg6 43. Nb5 Kf6 44. Rd7 Rd8 45. Rxd8 Bxd8 46. Nxd6 Bb6
47. Nf5 Bd8 48. Kg2 Ba5 49. Kf2 Bc3 50. Ke2 Bb4 51. Kd3 Kf7 52. Kc2 h4 53. Nxh4
Kf6 54. Nf5 Kf7 55. Kb3 Ba5 56. Ka4 Bd8 57. Kb5 1-0

[Event "AUTO-MASTER-3289"]
[Site "http://www.queenalice.com/game.php?id=1866207"]
[Date "2025.11.26"]
[Round "1"]
[White "Fredo"]
[Black "Guilherme_Ottoni"]
[Result "0-1"]
[WhiteElo "2122"]
[BlackElo "2219"]

1. d4 d5 2. c4 dxc4 3. e4 e5 4. Nf3 Bb4+ 5. Nc3 Nf6 6. Nxe5 b5 7. Bg5 O-O 8. Be2
h6 9. Bh4 g5 10. Bg3 Nxe4 11. O-O Bxc3 12. bxc3 Nxc3 13. Qd2 Nxe2+ 14. Qxe2 Bb7
15. Rad1 Nd7 16. Rfe1 Rc8 17. Qh5 Kg7 18. Nxd7 Qxd7 19. h4 f6 20. hxg5 hxg5 21.
Re3 Rh8 22. Qe2 Rce8 23. Rxe8 Rxe8 24. Qd2 Re7 25. a4 Qd5 26. f3 a6 27. Qb4 Kf7
28. Bf2 g4 29. Qc5 Qxc5 30. dxc5 gxf3 31. g4 Bc8 32. axb5 axb5 33. Rb1 c6 0-1

[Event "AUTO-MASTER-3292"]
[Site "http://www.queenalice.com/game.php?id=1867574"]
[Date "2026.1.7"]
[Round "1"]
[White "mvson33"]
[Black "Guilherme_Ottoni"]
[Result "0-1"]
[WhiteElo "1943"]
[BlackElo "2236"]

1. Nf3 Nf6 2. d4 d5 3. e3 e6 4. Bb5+ c6 5. Be2 Nbd7 6. O-O c5 7. dxc5 Bxc5 8.
Nc3 O-O 9. Bd2 a6 10. Nd4 b5 11. Nf3 Bb7 12. a3 Qc7 13. h3 Rfe8 14. Nd4 e5 15.
Nf3 Rad8 16. Rc1 Ba7 17. Na2 Bb8 18. g3 Nc5 19. b4 Nce4 20. Be1 Ba7 21. Nd2 Ng5
22. Kh2 Bc8 23. Rg1 Nxh3 24. Rh1 Ng5 25. Nf3 Ng4+ 26. Kg2 Ne4 27. Qd3 Nef6 28.
Qd1 Bxe3 0-1

[Event "AUTO-MASTER-3292"]
[Site "http://www.queenalice.com/game.php?id=1867575"]
[Date "2026.1.7"]
[Round "1"]
[White "Guilherme_Ottoni"]
[Black "mvson33"]
[Result "1-0"]
[WhiteElo "2239"]
[BlackElo "1939"]

1. e4 e5 2. Nf3 Nc6 3. Bb5 a6 4. Ba4 d6 5. c3 Bd7 6. d4 exd4 7. cxd4 Nf6 8. Nc3
Be7 9. O-O Na5 10. Bc2 O-O 11. Re1 Nc6 12. a3 Re8 13. Qd3 g6 14. b4 Bf8 15. h3
Bg7 16. Bg5 Qe7 17. Nd5 Qd8 18. Rac1 Qb8 19. Nxf6+ Bxf6 20. Bxf6 Re6 21. Bg5 Re8
22. d5 Ne5 23. Nxe5 Rxe5 24. Bf6 Re8 25. Bb2 Qd8 26. Qd4 f6 27. f4 Kf7 28. e5
dxe5 29. fxe5 fxe5 30. Rxe5 1-0